A globalizacao da natureza e a natureza da globalizacao

Guardat en:
Dades bibliogràfiques
Autor principal: Porto Goncalves, Carlos Walter (Autor)
Format: Llibre
Idioma:portuguès
Publicat: Río de Janeiro Civilizacao Brasileira 2017
Edició:7a. ed
Matèries:
Etiquetes: Afegir etiqueta
Sense etiquetes, Sigues el primer a etiquetar aquest registre!

MARC

LEADER 00000cam a2200000 a 4500
001 UCC4896
003 CL-VaPUC
008 180831e20170000bl |||||||||||||||||por|d
020 |a 9788520006832 
082 0 4 |a 303.482  |b GON  |2 21 
100 |a Porto Goncalves, Carlos Walter  |e author  |9 587330 
245 1 2 |a A globalizacao da natureza e a natureza da globalizacao 
250 |a 7a. ed 
300 |a 461 p 
942 |c BK 
945 |d 20180831 12:04:00  |a dcastane 
260 |a Río de Janeiro  |b Civilizacao Brasileira  |c 2017 
650 0 |a Globalización  |9 361930 
650 0 |a Aspectos económicos  |9 255165 
650 0 |a Aspectos sociales  |9 254894 
583 |a last modification  |c 20180831 12:04:00  |k Rodrigo Vera 
999 |c 372281  |d 372279 
952 |0 0  |1 0  |3 erb  |4 0  |6 303_482000000000000_GON_2017  |7 0  |8 A  |9 489625  |a BIBING  |b BIBING  |i 5493943  |o 303.482 GON 2017  |p 5493943  |r 2025-01-20  |w 2019-11-24  |y BK  |z Catalogado en:20180831  |k GEO